| 000 | 00703nam a2200253Ia 4500 | ||
|---|---|---|---|
| 003 | OSt | ||
| 005 | 20220925204913.0 | ||
| 006 | a|||||r|||| 00| 0 | ||
| 007 | ta | ||
| 008 | 220923b |||||||| |||| 00| 0 eng d | ||
| 037 | _cGeneral Book | ||
| 040 |
_aRTL _cRTL _beng |
||
| 041 |
_2eng _aeng |
||
| 082 | _aY73.58.N7, L4 | ||
| 100 |
_aBromley Yu Ed. _9269241 |
||
| 245 | 0 | _aSoviet ethnology and anthropology today | |
| 260 |
_aHague _bMouton _c1974 |
||
| 300 |
_a401p _ccm. |
||
| 490 | _aStudies in Anthropology. 1 | ||
| 500 | _aBibliography: p 361-401 | ||
| 650 |
_aEthnology _935130 |
||
| 942 |
_hY73.58.N7, L4 _cGB _2CC |
||
| 999 |
_c550742 _d550742 |
||